Central Library OPAC University of Rajshahi
Normal view MARC view

Entry Personal Name

Number of records used in: 2

001 - CONTROL NUMBER

  • control field: 15068

003 - CONTROL NUMBER IDENTIFIER

  • control field: BD-RjUL

005 - DATE AND TIME OF LATEST TRANSACTION

  • control field: 20250223125805.0

008 - FIXED-LENGTH DATA ELEMENTS

  • fixed length control field: 250223|| aca||aabn | a|a d

040 ## - CATALOGING SOURCE

  • Original cataloging agency: BD-RjUL
  • Transcribing agency: BD-RjUL

100 ## - HEADING--PERSONAL NAME

  • Personal name: Bunnell, W. S

670 ## - SOURCE DATA FOUND

  • Source citation: Work cat.: (BD-RjUL)84717: Wilde, Oscar 2285, The importance of being earnest /, 1958, [reprinted 1966]